[Event "Norway Chess 3rd"]
[Site "Stavanger"]
[Date "2015.06.25"]
[Round "9"]
[White "Hammer, Jon Ludvig"]
[Black "Carlsen, Magnus"]
[Result "1-0"]
[WhiteElo "2677"]
[BlackElo "2876"]
[Annotator "Prathamesh,Sunil Mokal"]
[PlyCount "67"]
[EventDate "2015.06.16"]
[EventType "tourn"]
[EventRounds "9"]
[EventCountry "NOR"]
[EventCategory "22"]
[SourceTitle "CBM 167"]
[Source "ChessBase"]
[SourceDate "2015.07.13"]
[SourceVersion "1"]
[SourceVersionDate "2015.07.13"]
[SourceQuality "1"]

1. d4 d5 2. c4 e6 3. Nf3 a6 $5 {An out of form (and out of luck) Carlsen playing Black against his own second and good friend, Jon Ludwig Hammer in the last round. An unenviable situation for the Champion. It is therefore not a surprise that Carlsen chooses to play something slightly different...} 4. Bg5 f6 $6 {[%csl Re6][%cal Rg8f6,Ga2g8] ...but this is a real surprise. Whatever the engines say, this move would be criticised by any book on openng fundamentals. It weakens the a2-g8, takes away an important square from the g8- and also creates a target on e6.} (4... Be7 {is normal.}) 5. Bd2 dxc4 6. e3 ({RR} 6. a4 c5 7. e3 Nc6 8. Bxc4 cxd4 9. O-O dxe3 10. Bxe3 Qxd1 11. Rxd1 Nge7 {½-½ (11) Giri,A (2772)-Mamedyarov,S (2767) Warsaw 2021}) 6... Nc6 $146 (6... b5 7. a4 Bb7 8. axb5 axb5 9. Rxa8 Bxa8 10. b3 $14 {[%csl Rb5,Re6,Re8,Rf6][%cal Gf7f6] White will win back the pawn. The weakening move ...f6 will matter sooner or later.}) ({RR} 6... b5 7. a4 b4 8. Bxc4 Nc6 9. a5 Bd6 10. e4 Qe7 11. O-O Bd7 12. Qc2 Nh6 13. e5 fxe5 14. Bg5 Nxd4 15. Nxd4 Qxg5 16. Nxe6 Qg6 17. Qb3 Ke7 18. Nd4 exd4 19. Re1+ Kd8 20. Qf3 Bc6 {0-1 (20) Krstulovic,A (2289)-Spitzl,V (2241) Warsaw 2018}) ({RR} 6... b5 7. a4 Bb7 8. b3 c5 9. axb5 axb5 10. Rxa8 Bxa8 11. bxc4 b4 12. Be2 Nc6 13. O-O Bb7 14. Qa4 Qa8 15. Qb5 Ba6 16. Qa4 Bb7 17. Qb5 Ba6 18. Qa4 Bb7 {½-½ (18) Simek,P (2315)-Kriebel,T (2512) Czech Republic CZE 2026}) 7. Bxc4 {[%csl Re6]} Bd6 8. e4 (8. Nc3 $5 Nge7 9. O-O O-O 10. Ne4 $14) 8... Nge7 9. O-O O-O 10. Qb3 Kh8 (10... Qd7 11. a4 $14 {[%csl Rc8,Re6,Rg8] White has the space. Black has the weakness and awkwardly placed pieces.}) 11. Bxe6 Bxh2+ 12. Kxh2 (12. Nxh2 $2 Nxd4 $17) 12... Qd6+ 13. Kh1 ({Hammer was probably worried about some intermediate checks that could spoil his calculations somewhere after} 13. Kg1 {[%cal Gc6d4,Gd4f3,Gc6e5,Ge5f3,Gf3g1] but concrete variations do not show anything to worry about, for example} Bxe6 14. d5 Bg8 (14... Nxd5 15. exd5 Bxd5 16. Bf4 $16) 15. Qa3 $14) 13... Bxe6 14. d5 Bg8 (14... Nxd5 15. exd5 Bxd5 16. Bf4 $16) 15. Qa3 $1 {Forcing a pleasant endgame.} Qxa3 16. Nxa3 Na7 (16... Nb8 {[%csl Ra8][%cal Gb8d7,Gc7c6] controls the d7-square and therefore makes ...c6 a viable option to consider. But it holds up the  on a8, giving us the pros and cons.} 17. Bb4 Re8 18. Rac1 c6 19. Rfe1 $14 ({The point of ...b8 is that} 19. d6 {[%csl Rd7][%cal Gb8d7] is a move that Black need not worry about.} Nc8 $15) (19. Nc4 Nc8)) (16... Ne5 $2 17. Nxe5 fxe5 18. f3 $16 {[%csl Rc7,Re5]}) 17. Bb4 Rfe8 18. Rac1 Rac8 (18... c6 $6 19. d6 $14 {[%csl Ra7][%cal Rb8d7]}) (18... Ng6 $5 19. Rxc7 (19. Rfe1 c6 20. Nc4 Nf4 21. d6 (21. Nb6 $2 Rad8 $132) 21... Nd3 $132) 19... Rxe4 20. Bc5 (20. Rxb7 $2 Bxd5 $17) 20... Bxd5 21. Rd1 Bg8 (21... Bxa2 22. Bxa7 Rxa7 23. Rd8+ Bg8 24. Nc4 {[%cal Gc4d6]} h5 (24... h6 25. Nd6 Re7 26. Rcc8 $16) 25. Nd6 $18 {[%cal Gc7c5,Gc5h5,Gc7c8,Gd8g8]}) 22. Bxa7 Rxa7 23. Rd8 $36 {[%csl Ra7,Rg8][%cal Gc7a7,Gc7h7,Gd8a8,Gd8h8]}) 19. Nd4 $1 f5 20. f3 (20. Bxe7 $6 Rxe7 21. exf5 (21. Nxf5 Rxe4 $15) 21... Rd8 $15 {[%csl Rd5]}) 20... fxe4 21. fxe4 $14 {[%csl Rc7,Gd5,Ge4] The central pawns take away a lot of important squares from Black pieces and White has annoying pressure on c7.} Ng6 22. Nf5 $6 (22. Rfe1 $142 {[%csl Gd5,Ge4] maintaining the strong central control.} Nf4 {[%cal Gf4d3]} 23. Nf5 $1 {[%csl Rg7][%cal Gb4c3,Gc3g7]} Nd3 24. Bc3 Bf7 25. Nxg7 Kg8 26. Nxe8 Rxe8 27. Bd4 {[%csl Ra7]} Nxe1 28. Rxe1 $14 {[%csl Ra7,Rc7,Gd5,Ge4]}) 22... Rxe4 23. Bc3 Bxd5 $6 ({On any other day and in any other tournament Carlsen would have found} 23... h6 $142 24. Bxg7+ Kh7 25. Bd4 (25. Bxh6 Bxd5 $132) 25... b6 26. d6 c5 $13) (23... Ne5 $2 24. Rce1 $18) 24. Bxg7+ Kg8 25. Bd4 $1 {[%csl Ra7][%cal Gf5h6,Gd4a7] Carlsen admitted to having missed this move. That is real bad form.} Rxd4 26. Nxd4 Bxa2 27. b3 Rd8 ({Black's best chance was to try and fight after} 27... c5 28. Rf2 cxd4 29. Rxc8+ Nxc8 30. Rxa2 {and it is not that easy for White to convert this position into a win.} Nf8 31. Nc4 $14 {and a long battle awaits.} ({White cannot really take the  on d4. For example} 31. Rd2 Ne6 32. Nc2 $6 Nd6 $1 33. Nxd4 $2 Ne4 $17 {[%csl Rd1,Rd3,Re2][%cal Ge4g3,Ge4f2]})) 28. Ne6 Rd2 ({Black should have pushed the  away with} 28... Rd6 $142 $16) 29. Rc3 (29. Rxc7 Bxb3 30. Rg7+ Kh8 31. Rff7 Bxe6 32. Rxh7+ Kg8 33. Rhg7+ Kh8 34. Rxb7 Bd5 (34... Nb5 35. Nxb5 axb5 36. Rxg6 $16) 35. Rh7+ Kg8 36. Rbg7+ Kf8 37. Rxg6 $18) 29... Re2 (29... Nc6 30. Rcf3 {[%cal Gf3f8]} h5 31. Rf7 Nce5 32. Rg7+ Kh8 33. Nc4 $18) 30. Nf4 (30. Rf6 $18 {[%cal Gc3f3,Gf6f8] was simpler, forcing Black to give up another exchange to avoid the threatened mate with cf3 followed by f8.}) 30... Rb2 31. Nxg6 hxg6 32. Rxc7 Rxb3 $2 (32... Bxb3 33. Rf6 $18 (33. Rxb7 Nb5 34. Rb1 Rxb1+ 35. Nxb1 $16)) ({A better fighting chance was} 32... Nc6 33. Re1 (33. Rf6 $5 Rxb3 34. Rxg6+ Kf8 35. Nc2 $16 {[%csl Gg2]}) (33. Rxb7 Rxb3 34. Rxb3 Bxb3 35. Rf6 Ne5 36. Rxa6 $16) 33... Kf8 34. Nc4 Rxb3 35. Nd6 {[%cal Ge1e8]} Rb1 36. Rxb1 Bxb1 37. Nxb7 $16 {[%cal Gb7c5,Gc5a6,Gc5e6]}) 33. Rd1 {[%cal Gd1d8]} Nc6 34. Rdd7 {[%cal Gc7c8] A fine victory for Jon Ludwig Hammer who kept up the pressure all through the game. From Carlsen's viewpoint, bad luck, bad form, the pressure of the home crowd and a final round against his own Second, everything went wrong for the Champion in this tournament. He is mortal, after all. The next event will be a test of his character and it will be no surprise if he comes out fighting with a vengeance.} 1-0

[Event "Bundesliga 0102"]
[Site "Germany"]
[Date "2001.10.07"]
[Round "2.1"]
[White "Dautov, Rustem"]
[Black "Shirov, Alexei"]
[Result "1-0"]
[WhiteElo "2630"]
[BlackElo "2706"]
[Annotator "Dautov,Rustem"]
[PlyCount "65"]
[EventDate "2001.10.06"]
[EventType "team-tourn"]
[EventRounds "15"]
[EventCountry "GER"]
[SourceTitle "EXT 2002"]
[Source "ChessBase"]
[SourceDate "2001.11.25"]
[SourceVersion "1"]
[SourceVersionDate "2001.11.25"]
[SourceQuality "1"]
[WhiteTeam "Godesberg"]
[BlackTeam "Luebeck"]
[WhiteTeamCountry "GER"]
[BlackTeamCountry "GER"]

1. d4 d5 2. c4 c6 3. Nf3 Nf6 4. e3 e6 5. Bd3 Nbd7 6. O-O Bd6 7. Nbd2 {Auf diese Weise vermeidet Weiß die Variante 7.c3 0-0 8.e4 dxc4 9.xc4 e5, die nach dem letzten Theoriestand dem Nachziehenden ein gutes Gegenspiel verspricht.} O-O 8. e4 e5 {Die beste Erwiderung. Schwarz opfert einen Bauern, bekommt aber dafür das Läuferpaar.} 9. cxd5 cxd5 10. exd5 exd4 11. Ne4 ({Der andere bekannte Versuch ist} 11. Nc4) 11... Nxe4 12. Bxe4 Nf6 13. Qxd4 Nxe4 14. Qxe4 Re8 15. Qd4 {M.E. der beste Zug, der den Ausfall der schwarzen Dame auf f6 verhindert.} ({Weniger gut ist} 15. Qd3 {wegen} Qf6 $1 {,z.B} 16. Bg5 (16. Be3 Bf5 17. Qd2 Be4 $11) (16. Bd2 Bf5 17. Qd4 Qxd4 18. Nxd4 Be4 $11) 16... Bf5 17. Qd2 Qg6 18. Bf4 Be4 19. Bxd6 Qxd6 20. Ng5 Qxd5 $11 {Chiburdanidze,M-Wang Lei/Shanghai 2001}) 15... Bf5 16. Bg5 Qd7 $6 $146 {Eine Neuerung, aber keine gute.} ({Die Theorie gibt} 16... Qa5 {den Vorzug. Schwarz droht mit der Aktivierung  ()e4 und verhindert 17.fe1 durch den Angriff gegen den Bauern a2.} 17. Bd2 Qa6 $5 {Dieser logische Zug wurde bisher noch nicht gespielt, die schwarze Dame "klebt" weiter am Bauern a2.} ({schlechter ist} 17... Qc5 18. Rfe1 Qxd4 19. Nxd4 Bd7 20. Bc3 f6 21. h3 Rac8 22. Rxe8+ Rxe8 23. Rd1 $14 {Rashkovsky,N-Kirov,N/Baku 1983}) ({auch} 17... Qb5 18. Bc3 f6 {verspricht Schwarz keinen vollständigen Ausgleich:} (18... Bf8 19. Rfe1 Rxe1+ 20. Rxe1 Rd8 21. Qxa7 Qxd5 22. Qd4 Qxd4 23. Nxd4 $14 {Slutzky,L-Tyomkin,D/Israel 1996}) 19. Rfe1 Red8 20. Nh4 Bd7 21. Qe4 Re8 22. Qf3 Qc4 23. Nf5 Qf4 24. Nxd6 Qxd6 25. a3 a5 26. h3 $16 {Drasko,M-Kosic,D/Podgorica 1993}) 18. Rfe1 Rxe1+ 19. Rxe1 (19. Bxe1 $5) 19... Qxa2 $11) ({Jedenfalls möglich ist} 16... Qb6 17. Qxb6 (17. Be3 Qa6 $44 {Averkin,O-Neverov,V/URS 1985}) 17... axb6 18. Be3 b5 19. Nd4 Bd7 20. Rfd1 $14) 17. Rfe1 {Selbstverständlich nutzt Weiß die Zeit, um den Punkt e4 unter Kontrolle zu bringen.} b6 {Deckt den Bauern a7 und bereitet den Angriff gegen den Bauern d5 vor: f6, xe1, d8. Um diesem Plan zuvorzukommen, muß Weiß energisch handeln.} 18. Bh4 $1 $16 {Am besten. Weiß möchte mit h4-g3 die schwarze Blockade aufheben.} (18. Bf4 $2 {stellte den Bauern d5 ein:} Bxf4 19. Qxf4 Qxd5 $11) (18. Rad1 $6 {erlaubt Schwarz, seinen Plan zu demonstrieren:} Rxe1+ 19. Rxe1 f6 20. Bh4 Rd8 21. Qd2 Bf8 $11) 18... Bc5 {Shirov sah, daß seine Stellung langsam kritisch wurde und wählte wie immer die Flucht nach vorne. Es fällt mir jedoch schwer, gegen die Idee h4-g3 etwas Besseres vorzuschlagen.} ({Der Druck gegen d5 brachte bereits keine Erleichterung:} 18... f6 19. Bg3 Rxe1+ ({Oder} 19... Bc5 20. Qd2 Rxe1+ 21. Rxe1 Rd8 22. d6 $1 $16) 20. Rxe1 Rd8 21. Bxd6 Qxd6 22. Qa4 $1 (22. Rd1 Bc8 $1 {b7}) 22... Qd7 23. Qa3 $16) 19. Qd2 (19. Qc4 Rac8 20. Rxe8+ Qxe8 21. Qb3 $16 {war auch nicht schlecht, aber ich wollte meine Dame so platzieren, daß sie den Bauernschritt d5-d6 unterstützt.}) 19... Be4 $146 ({RR} 19... f6 20. Bg3 Be4 21. d6 Rad8 22. Rad1 a5 23. a3 a4 24. Qc3 Qf7 25. Nd2 Bd5 26. Rxe8+ Qxe8 27. Qd3 Qe6 28. Nf3 Bc4 29. Nd4 Qd5 30. Qf5 Kf7 31. Qxd5+ Bxd5 32. Nb5 Be4 33. Nc7 g5 34. Na6 {Gurevich,M (2607)-Firat,B (2182) Ankara 2008 1-0 (61)}) 20. Rad1 a5 {Hier verbrauchte Alexei eine halbe Stunde Bedenkzeit, ohne etwas Gutes zu finden.} 21. a3 Qg4 (21... f6 22. Bg3 Rad8 23. d6 $16) 22. Bg3 Bxf3 23. gxf3 Qxf3 24. d6 $18 {Schwarz gewann den Bauern zurück und schwächte den weißen König, aber gegen den Vormarsch des Freibauern d5 kann er nichts unternehmen. Nebenbei droht der Figurengewinn 25.b4.} Red8 25. d7 {Es droht das vernichtende 26.d5, und nach dem Damentausch gewinnt Weiß mit g3-c7.} ({Selbstverständlich nicht} 25. b4 $4 Bxd6 26. Bxd6 Qg4+ $11) 25... h5 (25... Ra7 $2 26. Re8+) 26. Qd5 Qf6 (26... Qg4 27. Kh1 $18 {c7} (27. Qe4 $18) (27. Re4 $18)) 27. Qxa8 Rxa8 28. Re8+ Kh7 29. Rxa8 Be7 30. Re1 $1 {Am einfachsten.} Bd8 31. h4 b5 32. Rxd8 Qxd8 33. Rd1 {c7} 1-0

[Event "Tashkent FIDE GP 2nd"]
[Site "Tashkent"]
[Date "2012.11.28"]
[Round "6"]
[White "Gelfand, Boris"]
[Black "Mamedyarov, Shakhriyar"]
[Result "1/2-1/2"]
[WhiteElo "2751"]
[BlackElo "2764"]
[Annotator "Krasenkow,Michal"]
[PlyCount "65"]
[EventDate "2012.11.22"]
[EventType "tourn"]
[EventRounds "11"]
[EventCountry "UZB"]
[EventCategory "20"]
[SourceTitle "CBM 152"]
[Source "ChessBase"]
[SourceDate "2013.01.15"]
[SourceVersion "1"]
[SourceVersionDate "2013.01.15"]
[SourceQuality "1"]

1. d4 d5 2. c4 c6 3. Nf3 Nf6 4. e3 e6 5. Nbd2 Bd6 6. b3 Nbd7 7. Bb2 Qe7 (7... O-O {is more common}) 8. Ne5 Ba3 {The main idea behind 7...e7. Controlling less space on the board, Black aims for simplifications despite the fact that his remaining bishop is passive at the moment.} 9. Bxa3 (9. Bc3 c5 10. dxc5 Bxc5 11. Nd3 O-O 12. Be2 {1/2 Koziak,V (2515)-Shkuran,D (2350)/Lviv UKR 2012/The Week in Chess 919}) 9... Qxa3 10. Bd3 (10. f4 {can be met with} c5 $1 {, e.g.} 11. Bd3 cxd4 12. exd4 dxc4 13. Nexc4 (13. Ndxc4 Qb4+) 13... Qb4 14. O-O O-O 15. Qf3 Nb6 16. Ne4 Nxe4 17. Qxe4 g6 18. Rac1 Rd8 19. Rfd1 Nd5 20. Qf3 b6 21. Be4 Bb7 $15 {1-0 Vunder,A (2261)-Burmakin,V (2625)/St Petersburg 2008/CBM 126 Extra (65)}) (10. Qc1 Qa5 11. Nef3 O-O 12. Be2 dxc4 13. Qxc4 Ne4 14. b4 Nxd2 15. bxa5 Nxc4 16. Bxc4 Re8 17. O-O e5 $11 {1-0 Jumabayev,R (2436)-Noroozi,O (2222)/Novokuznetsk 2008/CBM 123 Extra (54)}) (10. Nxd7 Bxd7 11. Bd3 c5 12. cxd5 Nxd5 13. dxc5 Qxc5 14. Rc1 Qe7 15. O-O O-O 16. Nf3 Rfc8 $11 {1/2 Schuster,M (2222)-Offinger,R (2246)/Germany 2010/EXT 2011 (23)}) (10. Nd3 O-O 11. Be2 Qe7 $11 {[%cal Ye6e5]}) 10... Nxe5 11. dxe5 Nd7 12. f4 b6 $146 {Probably the most logical developing move although practice has seen other continuations before the present game:} (12... Qc5 $6 13. Qe2 O-O 14. O-O f6 15. cxd5 cxd5 16. Rac1 Qe7 17. Qh5 f5 18. Rc7 Qd8 19. Rfc1 $16 {1-0 Neverov,V (2542)-Slugin,S (2439)/Lipetsk 2010/CBM 137 Extra (32)}) (12... f5 13. O-O Nc5 14. Nf3 O-O 15. Nd4 Nxd3 16. Qxd3 Bd7 17. Rfd1 Rfd8 18. Qc3 Qe7 19. c5 Be8 20. b4 a6 21. a4 $16 {1-0 Smyslov,V (2530)-Gergs,W/Bad Woerishofen 1991/EXT 1998 (42)}) (12... Nc5 13. Qc2 b6 14. cxd5 cxd5 15. O-O Bd7 16. Nf3 Nxd3 17. Qxd3 Rc8 18. Qd2 O-O 19. Rfc1 a5 20. Nd4 {[%csl Gd4]} Rfd8 (20... Rc5 $142) 21. Rab1 g6 22. Rxc8 Rxc8 23. Rb2 $14 {1-0 Pavlovic,M (2497)-Dobrov,V (2493)/Caerleon 2006/CBM 113 ext (29)}) 13. cxd5 $146 ({RR} 13. O-O Ba6 14. Rc1 O-O 15. Nf3 g6 16. Nd4 Nc5 17. Nxc6 Nxd3 18. Qxd3 Bxc4 19. Rxc4 dxc4 20. Qxc4 Rac8 21. f5 exf5 22. e6 Qd6 23. e7 Rfe8 24. Rc1 Kg7 25. b4 Rxe7 26. Qd4+ Qxd4 27. exd4 Rd7 {Ninov,D (2288)-Shahil,D (2058) Veliko Gradiste 2019 0-1 (60)}) ({RR} 13. O-O Ba6 14. Qc2 g6 15. cxd5 {1-0 (15) Tin,J (2482)-Prydun,A (2254) Chess.com INT 2021}) 13... cxd5 14. O-O g6 (14... Ba6 $4 15. Nb1 Qa5 16. b4) 15. e4 {White tries to open up the position but his development advantage proves too insignificant to make use of.} O-O 16. exd5 exd5 17. Nf3 Qb4 (17... Nc5 $5 18. Be2 Qb2 $132 19. Nd4 $140 Ne4) 18. f5 {This pawn sacrifice doesn't bring White any benefit. He could have kept some pressure by means of} (18. Be2 $1 {[%cal Yf3d4]} Qxf4 19. Qxd5 Rb8 {[%cal Yd7c5]} 20. Qd6 $1 Qe3+ 21. Rf2 Qc5 22. Rd1) 18... Nxe5 19. Nxe5 Qd4+ 20. Kh1 Qxe5 21. Qd2 Bxf5 22. Bxf5 gxf5 23. Rae1 Qf6 24. Qxd5 Rae8 25. Rxe8 Rxe8 26. h3 Qe5 27. Rxf5 {White has levelled the material balance, and the resulting ending is drawn.} Qxd5 28. Rxd5 Re2 29. a4 Re3 30. Rb5 Kg7 31. a5 bxa5 32. Rxa5 Rxb3 33. Rxa7 1/2-1/2

[Event "EU-Cup 22nd"]
[Site "Fuegen"]
[Date "2006.10.10"]
[Round "3.2"]
[White "Mamedyarov, Shakhriyar"]
[Black "Areshchenko, Alexander"]
[Result "1-0"]
[WhiteElo "2728"]
[BlackElo "2640"]
[Annotator "Krasenkow,Michal"]
[PlyCount "61"]
[EventDate "2006.10.08"]
[EventType "team-swiss"]
[EventRounds "7"]
[EventCountry "AUT"]
[SourceTitle "CBM 115"]
[Source "ChessBase"]
[SourceDate "2006.11.15"]
[SourceVersion "1"]
[SourceVersionDate "2006.11.15"]
[SourceQuality "1"]
[WhiteTeam "Cheboksary"]
[BlackTeam "Werder Bremen"]
[WhiteTeamCountry "RUS"]
[BlackTeamCountry "GER"]

1. d4 d5 2. c4 c6 3. e3 Nf6 4. Nf3 e6 5. Nbd2 Nbd7 6. Bd3 Bd6 7. O-O O-O 8. e4 e5 {A typical counterblow in this kind of positions.} 9. exd5 cxd5 10. cxd5 exd4 11. Ne4 Nxe4 12. Bxe4 Nc5 (12... Nf6 {is the main theoretical line.}) 13. Bc2 {An old but quite good move. White wins the d4 pawn anyway.} (13. Qxd4 {was played more frequently:} Nxe4 14. Qxe4 Re8 (14... Qf6 15. Rd1 Bd7 16. Qd4 Qf5 17. Bd2 Rfe8 18. Re1 b6 19. Bc3 f6 20. a3 Rxe1+ 21. Rxe1 Re8 22. Qd1 Rxe1+ 23. Nxe1 Qe4 24. g3 {½-½ Fominyh,A-Barua,D/Guntur 2000/CBM 077}) 15. Qd4 (15. Qd3 Qf6 $1) 15... Bf5 16. Bg5 (16. Re1 Qd7 17. Bd2 b6 18. b4 Red8 19. Bc3 f6 20. Rad1 Rac8 {0-1 Schmidt,B-Mittendorf,F/Bad Zwesten 2004/CBM 098 ext (50)}) 16... f6 (16... Qa5 17. Bd2 Qa6 (17... Qc5 18. Rfe1 Qxd4 19. Nxd4 Bd7 20. Bc3 f6 21. h3 Rac8 22. Rxe8+ Rxe8 23. Rd1 Kf7 24. Nb3 Bb5 25. Na5 Re7 26. Bd4 b6 27. Nc6 Rd7 28. Be3 $16 {1-0 Rashkovsky,N-Kirov,N/Baku 1983/MCL (57)}) 18. Bc3 Bf8 19. Ne5 Rad8 20. Qf4 Bg6 21. Nxg6 hxg6 22. Rfd1 Bc5 $14 23. g3 $6 Re2 24. Bd4 Bxd4 25. Qxd4 Qf6 26. Qxf6 gxf6 27. b3 Re5 {½-½ Savchenko,S-Hamdouchi,H/Montpellier 2005/EXT 2006}) 17. Be3 (17. Bh4 Re4 18. Qd2 Qb6 (18... Bf4 $1 $15) 19. Bg3 Rd8 20. Rad1 Bg6 21. Bxd6 Qxd6 22. Rfe1 b6 23. Qc3 $14 {½-½ Lazic,M-Kalezic,B/Bar SCG 2006/The Week in Chess 594 (43)}) 17... Qd7 18. Rad1 $6 Re4 19. Qd2 Bg4 20. Nd4 $6 Bxd1 21. Rxd1 Rc8 (21... Bc5 $17) 22. b3 a6 23. Ne6 $44 {1-0 Ibragimov,I-Pruess,D/Los Angeles 2003/CBM 095 ext (56)}) (13. Bb1 {is harmless:} Bg4 14. b4 Nd7 15. Qd3 g6 16. Bb2 (16. Bh6 $4 Bxf3 17. Bxf8 Ne5 $19 {0-1 Furtuna,A-Ionescu,M/Bucharest 2003/CBM 094 (28)}) 16... Bxf3 17. Qxf3 Qh4 18. g3 Ne5 19. Qe4 $2 (19. Qe2 Qh3 20. Bxd4 Rae8 $44) 19... Qh5 20. f4 Nc4 21. Bc1 $2 Ne3 $2 (21... Rae8 $19) 22. Bxe3 dxe3 23. Qxe3 Qxd5 24. Be4 $11 {1-0 Chernin,A-Boudre,J/Aubervilliers 1997/EXT 2004 (47)}) 13... d3 $146 {An unsuccessful attempt of improvement on the stem game Botvinnik-Riumin, which saw} (13... Bg4 14. Qxd4 Bxf3 15. gxf3 Re8 $1 16. Rd1 $1 (16. Be3 Re5 17. Qg4 Nd7 18. f4 Nf6 19. Qf3 Rxd5 20. Bb3 $14 {1-0 Karpov,A-Shirov,A/Monte Carlo 1995/CBM 046 ext (43)}) 16... Re2 17. Bf5 g6 18. Bh3 Nd7 19. Be3 Be5 20. Qc4 Rxb2 21. Rac1 (21. d6 $1) 21... Nb6 22. Qe4 Qd6 $2 (22... Bd6) 23. f4 Bg7 24. Bc5 Qd8 25. Be7 Qe8 26. d6 $18 {1-0 Botvinnik,M-Riumin,N/Moscow 1931/URS-ch/[Ftacnik] (32)}) 14. Bxd3 Nxd3 15. Qxd3 {We see the position, which arises after 13.xd4, with an extra tempo for White.} Qf6 (15... Re8 $142 16. Bd2 $5) 16. Re1 $146 {As a result, White has seized the e-file.} ({RR} 16. Qd4 Qxd4 17. Nxd4 Bd7 18. Be3 Rfe8 19. Nb3 b6 20. Rac1 Be5 21. Nd4 f5 22. g3 g5 23. Nf3 Bxb2 24. Rc7 g4 25. Nh4 Bb5 26. Rd1 Be5 27. d6 Rf8 28. Rd5 f4 29. Rxb5 fxe3 30. Rxe5 exf2+ {Hera,I (2526)-Curien,N (2254) Davos 2007 1-0 (31)}) ({RR} 16. Bd2 Bf5 17. Qd4 Qxd4 18. Nxd4 Be4 19. Nb5 Rfd8 20. Nc3 Bd3 21. Rfd1 Bc2 22. Rdc1 Bd3 23. Be3 Bb4 24. Rd1 Bc4 25. Rd4 Bxc3 26. bxc3 b5 27. d6 Be6 28. Rd2 Bd7 29. Rad1 Rdc8 30. Rc1 Rc6 {Olsar,J (2221)-Bujnoch,R (2282) Czech Republic 2015 ½-½ (40)}) 16... Bf5 17. Qb3 Qg6 (17... Rae8 18. Bd2 Bg4 $4 19. Rxe8 Rxe8 20. Qa4) 18. Ne5 Bxe5 {It was probably unwise to exchange this bishop, which blocks White's passed pawn..} (18... Rfe8 19. Bf4 $16) (18... Qf6 19. Bf4 $16) 19. Rxe5 Rae8 20. Bf4 Rxe5 21. Bxe5 Re8 $6 {Giving up a second pawn without good reason.} (21... b6) 22. Qxb7 f6 23. Bg3 Bb1 {A typical tactical trick (shutting down the white rook) but White can perfectly do without it for the time being.} 24. h4 Qd3 25. Kh2 Qf1 26. f4 Re3 (26... Re2 27. d6) 27. d6 Rxg3 28. Qb8+ Kf7 29. Qxa7+ Ke6 30. Kxg3 g5 31. Qe3+ 1-0